000 00921nam a2200277 a 4500
008
020 _a9781138845411 (paperback)
040 _aNUST
_cNUST
049 _aMAIN
090 _aRC489.C63
_bOLI
100 1 _aOliveira, Irismar Reis de.,
_aauthor.
245 1 0 _aTrial-based cognitive therapy :
_bdistinctive features/
_c Irismar Reis de Oliveira.
260 _aAbingdon, Oxon :
_bRoutledge,
_c2016.
300 _axviii, 155 pages :
_billustrations ;
_c19 cm.
336 _atext
_btxt
_2rdacontent
337 _aunmediated
_bn
_2rdamedia
338 _avolume
_bnc
_2rdacarrier
440 _aCBT Distinctive Features Series.
500 _aIncludes index.
504 _aIncludes bibliographical references.
650 1 _aCognitive therapy
_xmethods.
907 _a.b10411616
_b28-10-21
_c28-10-21
003
005 20230120204331.0
942 _cBOOKS
_kRC489.C63
_mOLI
999 _c121365
_d121365